000 00826nam a22002297a 4500
999 _c12293
_d12293
003 AR-CdUCM
008 190401b ||||| |||| 00| 0 spa d
020 _a84-372-1311-8
040 _aMUNICIPALIDAD PROVINCIAL DEL CUSCO
_cBIBLIOTECA MUNICIPAL DEL CUSCO
082 _24ed.
_aEP / 036 /
_bC62
100 _aClisant, Charles
_927335
245 _aEl constructor joven /
260 _aMadrid :
_bAltea,
_c1977.
300 _a100 páginas ;
_bIlustraciones, Graficos, Dibujos,
_c21 cm.
440 _aEnciclopedia de Formación laboral
_927336
505 _aContenido: No se hace nada sin nada -- la casa miniatura -- La balanza Romana -- La balanza automática...
650 _aAficiones.
_927270
650 _aEnciclopedia
_918075
650 _aTextos educativos
_910256
942 _2ddc
_cLIBROS
945 _apjha
_d2019-04-08